000 00259nam a2200109Ia 4500
008 201224s9999 xx 000 0 und d
100 _aBeyer, Peter
245 0 _aReligion and Globalization
260 _aLondon
_bSage Publications
300 _a250
942 _cBK
999 _c8672
_d8672